How I Met Your Mother - Quiz - Statistiken

Allgemein
  • Dieses Quiz wurde 102 mal gespielt
  • Das Durchschnittsergebnis liegt bei 23 aus 30
Antwortstatistiken
Frage Antwort % Korrekt
Was klaut Ted für Robin auf ihrem ersten Date? Ein blaues Horn
97%
Wie heißt der immer wiederkehrende Chauffeur der Gruppe? Ranjit
93%
Was ist Barney Lieblingsbeschäftigung? Laser-Tag
91%
Wie heißt die Bar, welche Barney und Ted für eine Nacht eröffnen? Puzzles
91%
Wie lautet Robins Künstlername in Kanada? Robin Sparkles
91%
Wo spricht Barney Ted das erste Mal an? Auf der Toilette des MacLaren's
89%
Welchen Showmaster hält Barney für seinen Vater? Bob Barker
89%
Wie heißt Zoeys Ehemann, den die Gang in Staffel 6 kennenlernt? Der Captain
89%
Wie heißt Barneys Bruder? James
89%
Bei welchem Fernsehsender arbeitet Robin als erstes? Metro News 1
85%
Welche ist keine von Barneys Maschen? „Der Patrice“
84%
Was trägt Marshall auf seinem Hochzeitsfoto? Einen Hut
84%
In welche Stadt zog Lily am Ende von Staffel 1? San Francisco
84%
Von wem wird Ted vor dem Altar stehen gelassen? Stella
81%
Was für ein Trinkspiel muss Marshall mit einem College-Freund spielen um ein Video aus dem Internet löschen zu lassen? „Edward Fourtyhands"
78%
Wie hieß Robins Co-Moderatorin, welche eine Werbung mit dem Slogan „Boote, Boote, Boote!“ machte? Becky
75%
In welcher Staffel stirbt Marshalls Vater - Marvin Erikson? Staffel 6
75%
Aus welcher Stadt kommt Ted? Cleveland
74%
Barney entwickelt was für eine Diagonale auf der „Hot-Crazy“ Skala? Die Vicky-Mendoza-Diagonale
74%
Nach wie viel Uhr passiert laut Teds Oma „nichts Gutes mehr“? 2 Uhr
72%
Wo macht Ted Tracy einen Antrag? Auf einem Leuchtturm
72%
Welche Türfarben hat Marshalls liebster Burger Laden? Grün
70%
Britney Spears hat einen Gastauftritt als die Arzthelferin… Abby
69%
Wo haben Barney und Robin ihr Hochzeits-Probe-Dinner? In einer Eislaufhalle
67%
In welche Stadt zieht Lily für ein Jahr als Kunstberaterin? Rom
67%
Wie heißt Barneys Stamm-Stripclub? The Lusty Leopard
67%
Als kleiner Junge spielte Barney welche Sportart, bevor er aus dem Team geworfen wurde? Basketball
61%
Wenn Robin Heimweh hat besucht sie welche Bar? Das Hoser Hut
56%
Wie ist der Name von Barneys Tochter? Ellie
56%
Wie heißt Marshalls Lieblings-Drink? „Minnesota Flutwelle“
44%
Keine übereinstimmenden Quizze gefunden
Verteilung der Resultate
Anzahl Personen mit jedem Resultat
Perzentil nach korrekt beantworteten Fragen
Ihre Resultats-Entwicklung
Sie haben dieses Quiz noch nicht gespielt